LEADER 01479nam a2200313 i 4500 001 000000047579 003 CaOOAMICUS 005 20150824000000.0 008 150824s1987 it u000 u ita u 013 $a18749 020 $a88-372-1328-X 040 $aSeMil$bita 100 1 $aHassell, Fey : von <1918->.$0(OLS)http://semarc/name/23646 245 10$aStoria incredibile :$bdai diari di una "prigioniera speciale" delle SS /$cFey Von Hassell ; Prefazione di Gabriele De Rosa ; Introduzione di Livio Zeno. 250 $a2. ed. 260 $aBrescia :$bMorcelliana,$ccopyr. 1987. 300 $aXXV, 192 p., [7] p. di tav. ;$c23 cm. 490 0 $aBiblioteca di storia contemporanea ;$v38 500 $aContiene : Appendici. - In preliminari : Fondo Conti. 650 4$aGuerra mondiale <1939-1945> - Germania.$0(OLS)http://semarc/subject/1212 700 1 $aZeno, Livio.$0(OLS)http://semarc/name/23647 700 1 $aDe Rosa, Gabriele,$d<1917-2009>.$0(OLS)http://semarc/name/220 830 0$aBiblioteca di storia contemporanea ;$v38.$0(OLS)http://semarc/title/374 850 $aSeMil 852 $aSeMil$W1$xVenegono$y1$m3N V 311$j13734$B13734$CSeMilBibl$Z2$F13734 $81 961 $aOmaggio: Conti Franco 996 $6020$a88-372-1328-X$9(OLS)http://semarc/number/20335 996 $6245$aStoria incredibile :$bdai diari di una "prigioniera speciale" delle SS$9(OLS)http://semarc/title/71756 996 $6260$aBrescia :$bMorcelliana$9(OLS)http://semarc/publisher/29629 LEADER 00887nam a2200217 i 4500 001 000000206898 003 CaOOAMICUS 005 20111017000000.0 008 111017s1934 it u000 u ita u 013 $a185672 040 $aSeMil$bita 100 1 $aMarotta, Renato.$0(OLS)http://semarc/name/73242 245 10$aSimboli e glorie d'Italia /$cRenato Marotta (Mutilato di guerra) 260 $aNovara :$bTipografia San Gaudenzio,$c1934. 300 $a113 p. :$bill. ;$c25 cm. 500 $aIn mezzo al front : Edizione illustrata. 650 4$aGuerra mondiale <1914-1918> - Italia.$0(OLS)http://semarc/subject/4096 850 $aSeMil 852 $aSeMil$W1$xVenegono$y1$m3U III 54$j157361$B157361$CSeMilBibl$Z2$F168662 $81 996 $6245$aSimboli e glorie d'Italia$9(OLS)http://semarc/title/299189 996 $6260$aNovara :$bTipografia San Gaudenzio$9(OLS)http://semarc/publisher/36848